Using science and technology information sources
Αποθηκεύτηκε σε:
| Κύριος συγγραφέας: | |
|---|---|
| Άλλοι συγγραφείς: | |
| Μορφή: | Βιβλίο |
| Γλώσσα: | English |
| Δημοσίευση: |
Phoenix :
Oryx Press,
1991
|
| Θέματα: | |
| Ετικέτες: |
Προσθήκη ετικέτας
Δεν υπάρχουν, Καταχωρήστε ετικέτα πρώτοι!
|
MARC
| LEADER | 00000nam a2200000 i 4500 | ||
|---|---|---|---|
| 001 | 1/82623 | ||
| 008 | 990525s1991 eng d | ||
| 020 | |a 0897745930 | ||
| 035 | |l 10051131 | ||
| 040 | |a GR-MY-UA |b gre |e aacr | ||
| 041 | 0 | |a eng | |
| 082 | 0 | |a 507.2 | |
| 100 | 1 | |a Mount, Ellis. | |
| 245 | 1 | 0 | |a Using science and technology information sources / |c by Ellis Mount and Beatrice Kovacs |
| 260 | |a Phoenix : |b Oryx Press, |c 1991 | ||
| 300 | |a 189 p. | ||
| 504 | |a Includes bibliographical references and index | ||
| 650 | 0 | 0 | |a Science |x Information services. |
| 650 | 0 | 0 | |a Technology |x Information services. |
| 650 | 0 | 0 | |a Information storage and retrieval systems |x Science. |
| 650 | 0 | 0 | |a Information storage and retrieval systems |x Technology. |
| 650 | 0 | 0 | |a Database searching. |
| 700 | 1 | |a Kovacs, Beatrice. | |
| 852 | |a INST |b LESVOS |e 19990525 |h 507.2 MOU |p 005100016006 |q 005100016006 |t BK |y 0 | ||
| 901 | |a BIBL1-1999-2 | ||
| 909 | |a Λ |b 062238 | ||
| 922 | |a 1ΕΛΗ |b 199812 |c ΚΠΣ/ΚΥΒ |d LEADER | ||
| 950 | |a 023-1998-09-14 | ||